000 00733nam a2200253Ia 4500
003 OSt
005 20220927105418.0
006 a|||||r|||| 00| 0
007 ta
008 220926b |||||||| |||| 00| 0 eng d
024 _a174609
037 _cReference Collections
040 _aRTL
_cRTL
_beng
041 _2eng
_aeng
082 _a"V2,32p.N82, M2.32-1/GD"
110 _a"INDIA, LOK SABHA"
_9372275
245 0 _aLok Sabha debates
_b Tenth session
260 _aNew
_bDelhi Lok Sabha Secretariat
_c1982
300 _a"xvii, 467p."
_ccm.
490 _v"Vol 32, No 1"
700 _a"INDIA, LOK SABHA"
_9372276
942 _h"V2,32p.N82, M2.32-1/GD"
_cCC
999 _c692393
_d692393